Dawne nazwy miast - Statystyki

Ogólne statystyki
  • Ten quiz został rozwiązany 399 razy
  • Średni wynik to 4 z 13
Statystyki odpowiedzi
Miasto Dawna nazwa % Poprawnych
Stambuł Konstantynopol
80%
Wołgograd Stalingrad
77%
Sankt Petersburg Leningrad
76%
Gdańsk Danzig
68%
Nursułtan Astana
46%
Szczecin Stettin
46%
Dniepr Dniepropetrowsk
10%
Meksyk Tenochtitlan
10%
Edirne Ardianopol
3%
Berysław Kyzykermen
0%
Zaragoza Medina Albaida Sarakos
0%
Nowe Delhi Qila Rai Pithora
0%
Ułan Bator Urga
0%
Nie znaleziono quizów pasujących do podanych kryteriów
Rozkład punktacji
Procent ludzi z każdym wynikiem
Percentyl według liczby udzielonych odpowiedzi
Twoja historia wyników
Nie rozwiązałeś tego quizu